| 000 | 01565nam a22003257a 4500 | ||
|---|---|---|---|
| 005 | 20260305112043.0 | ||
| 008 | 240820b ||||| |||| 00| 0 eng d | ||
| 082 | _aDPer 155.205 J82 October-December 2020 v. 119 n. 4-6 | ||
| 100 |
_aMcLean, Kate C. _eauthor. _958341 |
||
| 245 |
_aThe empirical structure of narrative identity : _bthe initial big three / _cKate C. McLean, Monisha Pasupathi, William L. Dunlop, Robyn Fivush, Matthew E. Graci, Jennifer Lodi-Smith, Moin Syed, Jonathan M. Adler, David Drustrup, Jennifer P. Lilgendahl, Dan P. McAdams, and Dan P. McAdams. |
||
| 260 |
_aWashington, DC ; _bAmerican Psychological Association , _cOctober 2020. |
||
| 300 |
_aVolume 119, pages 920-944 : _billustration ; _c28 cm. |
||
| 500 | _aJournal of Personality and Social Psychology, vol. 119, no. 4, pages 920-944, October 2020. | ||
| 650 |
_aPersonality. _961135 |
||
| 650 |
_aIndividuality. _919964 |
||
| 650 |
_aPsychology. _961136 |
||
| 700 |
_aMcLean, Kate C. _eauthor. _958341 |
||
| 700 |
_aPasupathi, Monisha. _eauthor. _958342 |
||
| 700 |
_aDunlop, William L. _eauthor. _958343 |
||
| 700 |
_aFivush, Robyn. _eauthor. _958344 |
||
| 700 |
_aGraci, Matthew E. _eauthor. _958345 |
||
| 700 |
_aLodi-Smith, Jennifer. _eauthor. _958346 |
||
| 700 |
_aSyed, Moin. _eauthor. _958347 |
||
| 700 |
_aAdler, Jonathan M. _eauthor. _958348 |
||
| 700 |
_aDrustrup, David _eauthor. _958349 |
||
| 700 |
_aLilgendahl, Jennifer P. _eauthor. _958350 |
||
| 700 |
_aMcAdams, Dan P. _eauthor. _958351 |
||
| 700 |
_aMcAdams. Dan P. _eauthor. _958352 |
||
| 942 |
_2ddc _cPER |
||
| 999 |
_c20657 _d20657 |
||